000 01412nam0a2200301 i 4500
001 RU\NLR\BIBL_A\010700232
005 20241103112316.0
010 _a9785456002181
_9200
021 _aRU
_b15-4176
035 _a(NILC)RuMoRGB-007856308
035 _a(NLR Aleph) 010700232
090 _a9719542
_c9719542
100 _a20150316d2014 m y0rusy50 ca
101 0 _arus
102 _aRU
105 _ay|||j|||000yy
200 1 _aИстория философии
_eучебное пособие для студентов образовательных организаций высшего образования
_fЕ. А. Счастливцева
_gФедеральное гос. бюджетное образовательное учреждение высш. проф. образования "Вятский гос. гуманитарный ун-т"
210 _aКиров
_cВятГГУ
_d2014
215 _a163 с.
_d21
320 _aБиблиогр. в тексте и в подстроч. примеч.
606 _aФилософия
_jУчебные издания для высших учебных заведений
_xИстория
_91388522
_3RU\NLR\AUTH\66270120
686 1 _aЮ3(0)я73
700 1 _aСчастливцева
_bЕ. А.
_gЕлена Анатольевна
801 0 _aRU
_bРГБ
_c20150129
_gRCR
942 _cBOOK
980 _aNBR